000 00564nam a2200181 4500
999 _c191273
_d191273
005 20220912145049.0
010 _aENG-134568
020 _c950.00
_a9789389211924
035 _aEN-118100
037 _bDBAD/PUB
082 _a005.24
100 _aThareja, Reema
245 _aInformatics Practices for CBSE Class XI/
_cReema Thareja
260 _aHyderabad
_bUniversities Press (India) Pvt. Ltd.
_c2022
270 _a3-6-747/A & 3-6-754/1, Himayatnagar
_bHyderabad
_e500029
300 _axiv,352p.
_c25cm(pbk)
942 _2ddc
_cEN
_h005.24
_mTHA